TV Program by Statue Quiz Stats

 Plays Quiz Updated May 21, 2016

Also try: Musician by Statue
Challenge
Share
Tweet
Score 0/15 Timer 05:00
2 Plays Today
% Correct
The Simpsons (Bart Simpson)
92.9%
Happy Days (Henry Winkler as Fonzie)
92.1%
Bewitched (Samantha)
88.2%
Star Trek (USS Enterprise)
87.9%
The Muppets (Kermit the Frog and Jim Henson)
85.5%
Game of Thrones (Joffrey)
76.9%
The Andy Griffith Show (Andy and Opie)
71.8%
I Love Lucy (Lucille Ball as Lucy Ricardo)
69.9%
% Correct
The Mary Tyler Moore Show (Mary Tyler Moore as Mary Richards)
65%
Mister Rogers' Neighborhood (Fred Rogers)
55.5%
The Honeymooners (Jackie Gleason as Ralph Kramden)
55.1%
Maverick (James Garner as Bret Maverick)
42.3%
Columbo (Peter Falk as Lt. Columbo)
34.1%
The Bob Newhart Show (Bob Newhart as Robert Hartley)
25.1%
Mobile Suit Gundam (Gundam)
10.4%

You're not logged in!

Compare scores with friends on all Sporcle quizzes.
OR
Log In

You Might Also Like...

Show Comments

Extras

Top Quizzes Today


Score Distribution

Your Account Isn't Verified!

In order to create a playlist on Sporcle, you need to verify the email address you used during registration. Go to your Sporcle Settings to finish the process.

Report this User

Report this user for behavior that violates our Community Guidelines.

Details: